Cádiz a vista de pajaro (Record no. 152864)

MARC details
000 -LEADER
campo de control de longitud fija 00758nam a2200157 i 4500
001 - NÚMERO DE CONTROL
campo de control 152864
003 - IDENTIFICADOR DE NÚMERO DE CONTROL
campo de control ES-MaACL
005 - FECHA Y HORA DE LA ÚLTIMA TRANSACCIÓN
campo de control 20251217063019.0
008 - DATOS DE LONGITUD FIJA--INFORMACIÓN GENERAL
campo de control de longitud fija 931025s1868 sp |||| | spa d
100 1# - ENTRADA PRINCIPAL--NOMBRE DE PERSONA
Nombre de persona Burgos, Javier de,
Fechas asociadas al nombre 1842-1902
9 (RLIN) 139909
245 10 - MENCIÓN DEL TÍTULO
Título Cádiz a vista de pajaro
Resto del título : revista fantástica-lírico-dramática-burlesca de gran espectáculo, original y en verso /
Mención de responsabilidad, etc. por Javier de Burgos.
260 ## - PUBLICACIÓN, DISTRIBUCIÓN, ETC.
Lugar de publicación, distribución, etc. Cádiz :
Nombre del editor, distribuidor, etc. [s.n.],
Fecha de publicación, distribución, etc. 1868 (
Fabricante Imprenta de la Revista Médica a cargo de Federico Joly)
300 ## - DESCRIPCIÓN FÍSICA
Extensión 27 p. ;
Dimensiones 20 cm.
852 ## - LOCALIZACIÓN
Ubicación ES-MaACL
Número de control de estantería F-8577(4)
Nota libre -- Enc. pasta española, falto de la cub. original
-- -- Enc. en un vol. facticio, formando parte de la col. facticia "Teatro español moderno", vol. 30
Holdings
Estatus retirado Estado de pérdida Estado de daño No para préstamo Colección Biblioteca de origen Biblioteca actual Ubicación en estantería Fecha de adquisición Total de préstamos Signatura topográfica completa Código de barras Visto por última vez Precio de reemplazo Tipo de ítem Koha
        Libros del s. XIX Biblioteca del Ateneo de Madrid Biblioteca del Ateneo de Madrid Sala Pecera Planta 2 17/01/2008   F-8577(4) 1159655 23/02/2023 23/02/2023 Libro impreso antiguo